Città sopra o sotto l'Equatore? - Quiz n°9 - Statistics

Statistiche generali
  • Questo quiz è stato fatto 9 volte
  • Il punteggio medio è 6 su 10
Statistiche sulle risposte
Hint Risposta % Corretto
Conakry Nord dell'Equatore
78%
Ouagadougou Nord dell'Equatore
78%
Melbourne Sud dell'Equatore
78%
Harare Sud dell'Equatore
78%
Ho Chi Minh Nord dell'Equatore
67%
Manaus Sud dell'Equatore
67%
Monbasa Sud dell'Equatore
67%
Nassau Nord dell'Equatore
56%
Colombo Nord dell'Equatore
56%
Palikir Nord dell'Equatore
22%
Nessun quiz corrispondente trovato
Distribuzione punteggi
Percentuale di utenti per punteggio
Percentile per numero di risposta
I tuoi punteggi nel tempo
Non hai fatto questo quiz